Um espião perfeito (Registo nº 1137)

Detalhes MARC
000 -Etiqueta do registo
Cabeçalho 00910nam0a2200277 4500
005 - Identificador da versão
Campo de controlo 20240813121826.0
010 ## - Número internacional normalizado dos livros (ISBN)
Número (ISBN) 8497892178
021 ## - Número do Depósito Legal
Código do país PT
Número B. 51289-2003
100 ## - Dados gerais de processamento
Dados gerais de processamento 20160317d2003 m z0pory5003 ba
102 ## - Pais de publicação ou produção
País de publicação Portugal
101 1# - Língua de publicação
Língua do texto, banda sonora, etc. Português
Língua do documento no original Inglês
215 ## - Descrição física 
Indicação específica da natureza do documento e extensão da espécie 574, [2] p
200 1# - Titulo e menção de responsabilidade
Título próprio Um espião perfeito
Primeira menção de responsabilidade John Le Carré
Outras menções de responsabilidade trad. Ana Luísa Faria e Miguel Serras Pereira
225 2# - Colecção 
Título próprio da colecção Mil folhas
Indicação de volume 85
210 ## - Publicação, Distribuição, etc. 
Lugar da edição, distribuição, etc. Porto
Nome do editor, distribuidor, etc. Público Comunicação Social
Data da publicação, distribuição, etc. cop. 2003
314 ## - Notas relativas a responsabilidade intelectual 
Texto da nota John Le Carré é pseudónimo de David John Moore Cornwell
606 ## - Nome comum usado como assunto
Número de registo de entrada de autoridade 0002233
Palavra de ordem Literatura inglesa
Subdivisão de assunto Romance
Código do sistema CA
675 ## - Classificação Decimal Universal (CDU)
Notação 821.111-31
Edição 3ª ed.
Língua da edição por
702 #1 - Nome de autor-pessoa física (responsabilidade secundária)
Número de registo de entrada de autoridade 0001549
Palavra de ordem Faria
Outra parte do nome não tomada para palavra de ordem Ana Luísa
Código de função Tradutor
Número de registo de entrada de autoridade 0001550
Palavra de ordem Pereira
Outra parte do nome não tomada para palavra de ordem Miguel Serras
Datas 1949-
Código de função Tradutor
700 #1 - Nome de autor-pessoa física (responsabilidade principal)
Número de registo de entrada de autoridade 0002806
Palavra de ordem Le Carré
Outra parte do nome não tomada para palavra de ordem John
Elementos de identificação ou distinção pseud.
Datas 1931-
966 ## - Identificação da Biblioteca
Sigla EB2,3ENM
942 ## - Elementos de entrada adicionados (Koha)
Tipo de item no Koha Livro
Exemplares
Situação do levantamento Origin of item (home branch) (coded) Biblioteca de empréstimo Código de barras Cota Circulation type (not for loan) Tipo de documento Nota do exemplar Damaged status
  Biblioteca Escolar Eng. Nuno Mergulhão Biblioteca Escolar Eng. Nuno Mergulhão BENM2071 82LE-3 LEC   Livro Sem mensagem